[Event "ARG-World"]
[Site "Buenos Aires"]
[Date "1994.??.??"]
[Round "3"]
[White "Panno, Oscar"]
[Black "Bellon Lopez, Juan Manuel"]
[Result "1/2-1/2"]
[WhiteElo "2520"]
[BlackElo "2460"]
[Annotator "Ernst,T"]
[PlyCount "100"]
[EventDate "1994.04.??"]
[EventType "schev"]
[EventRounds "10"]
[EventCountry "ARG"]
[SourceTitle "CBM 042"]
[Source "ChessBase"]
[SourceDate "1994.10.01"]
[SourceVersion "1"]
[SourceVersionDate "1994.10.01"]
[SourceQuality "1"]

1. Nf3 c5 2. c4 Nc6 3. d4 cxd4 4. Nxd4 g6 5. e4 Bg7 6. Be3 Nf6 7. Nc3 O-O 8.
Be2 b6 9. O-O Bb7 10. f3 e6 (10... Nh5 11. Ndb5 a6 12. Na3 Rb8 13. f4 Bxc3 14.
bxc3 Nf6 15. e5 Ne4 16. Qe1 $16 {Timman-Yusupov/Linares(m)/1992/}) 11. Qd2 (11.
Ndb5 d5 12. cxd5 exd5 13. exd5 Ne7 14. d6 Ned5 15. Bg5 $16 {Kuijf,M-Dueball,J/
2.BLW9192/1991/}) 11... Qe7 (11... d5 12. Nxc6 Bxc6 13. cxd5 exd5 14. e5 Nd7
15. f4 Nc5 (15... g5 16. Nxd5 Nxe5 17. Rad1 gxf4 18. Bxf4 Ng6 19. Bc4 $16 {
Panchenko-Telman/URS-chT/1988/}) 16. Rad1 f6 (16... Ne4 17. Nxe4 dxe4 18. Qc2 (
18. Qd6 $16) 18... Qe8 19. Rd4 $16 {Dgebuadze,A-Znamenacek,K/Pardubice op/1993/
}) 17. Nxd5 fxe5 18. Bc4 $16 {Kuporusov-Malisauskas/USSR/1985/}) 12. Rfe1 Rfd8
13. Bf1 Nxd4 14. Bxd4 Ne8 15. Bf2 Nc7 16. Rad1 d6 17. a4 Bc6 18. Ra1 (18. b3
Rab8 $2 19. Nd5 $1 $16) 18... Rab8 19. a5 $5 bxa5 20. Rxa5 $14 a6 21. Rea1 Rb3
$1 22. R1a2 Rdb8 23. Nd1 (23. Be2 $14) 23... Be5 24. R5a3 R3b4 25. f4 Bg7 26.
Bd3 f5 $1 27. exf5 exf5 28. Bf1 d5 29. cxd5 Bxd5 30. Ra1 Bc4 31. Bxc4+ Rxc4 32.
Nc3 Rd8 33. Qe3 Qxe3 34. Bxe3 Rd3 35. Kf2 Bd4 (35... Bxc3 36. bxc3 Rcxc3 37.
Rxc3 Rxc3 38. Bb6 Nd5 39. Rxa6 Nxf4 40. Ra8+ Kf7 41. Ra7+ Ke6 42. Rxh7 Rc2+ 43.
Kf3 Nxg2 44. Rg7 $15) 36. Bxd4 Rcxd4 37. Ne2 Rd2 $6 (37... Rxa3 $10) 38. Kf3
Rb4 39. Rc1 Ne6 40. Rxa6 Rb3+ 41. Rc3 $1 Rdxb2 42. Rxe6 Rxe2 43. Rxg6+ $1 $14
hxg6 44. Rxb3 Re7 45. Kg3 Kg7 46. Kh4 Re2 47. Rb7+ Kh6 48. Kh3 Re3+ 49. g3 Re2
50. Rb1 g5 1/2-1/2

[Event "Hamburg-ch int"]
[Site "Hamburg"]
[Date "1999.05.28"]
[Round "7.1"]
[White "Ftacnik, Lubomir"]
[Black "Hansen, Sune Berg"]
[Result "0-1"]
[WhiteElo "2585"]
[BlackElo "2499"]
[Annotator "Ftacnik,L"]
[PlyCount "108"]
[EventDate "1999.05.22"]
[EventType "swiss"]
[EventRounds "9"]
[EventCountry "GER"]
[SourceTitle "CBM 072"]
[Source "ChessBase"]
[SourceDate "1999.10.01"]
[SourceVersion "1"]
[SourceVersionDate "1999.10.01"]
[SourceQuality "1"]

1. Nf3 c5 2. c4 g6 3. d4 cxd4 4. Nxd4 Bg7 5. e4 Nc6 6. Be3 Nf6 7. Nc3 d6 8. Be2
O-O 9. O-O Bd7 10. Qd2 Nxd4 11. Bxd4 Bc6 12. f3 a5 13. b3 Nd7 14. Be3 Nc5 15.
Rab1 Qb6 16. Rfc1 Rfc8 17. Rc2 h5 18. Nd5 Qd8 19. Bg5 Bxd5 20. exd5 Bf6 $6 (
20... Kh7 21. g3 Qf8 $132) 21. Be3 (21. Bxf6 exf6 22. Re1 Qb6 23. Kf1 Re8 $11)
21... Qf8 22. f4 $1 Ne4 (22... Qg7 23. Bf3 $14) 23. Qe1 Qg7 24. Bf3 Nc5 (24...
Nc3 $2 25. Rbc1 $18) 25. Qd2 Rc7 (25... Rcb8 26. g3 b5 27. Bxc5 $5 (27. cxb5
Rxb5 28. Rbc1 $14) 27... dxc5 28. d6 Ra7 29. cxb5 Bd4+ 30. Kg2 exd6 31. a4 $14)
26. g3 b6 27. h3 Rac8 28. g4 hxg4 29. hxg4 g5 $5 {Black doesn't want to be
pressed down in the control of space, his army on the queenside can hopes to
create some counterplay.} (29... Qf8 30. Kg2 Qe8 31. g5 Bg7 32. Bg4 $16) 30.
fxg5 Be5 31. Kg2 a4 $1 32. Bxc5 (32. b4 Nd7 33. Rbc1 a3 34. Qe2 (34. Be4 Bb2
35. Rh1 Rxc4 36. Rxc4 Rxc4 37. Bh7+ Kf8 38. Bf5 Ne5 $15) 34... Bb2 35. Rh1 Ne5
$132) (32. bxa4 Nxa4 33. Rb4 b5 34. Rxb5 Nc3 35. Rb4 Rxc4 36. Rxc4 Rxc4 $13)
32... Rxc5 33. Be4 axb3 34. axb3 Ra5 $6 (34... b5 $1 35. Bf5 Ra8 (35... R8c7
36. g6 $18) 36. cxb5 (36. Rh1 bxc4 37. Rh7 Qxh7 38. Bxh7+ Kxh7 39. b4 Rc7 40.
Rxc4 $14) 36... Rxb5 37. b4 $16) 35. Rh1 Rca8 36. Rh7 $2 (36. g6 $1 fxg6 (36...
Qf6 37. g5 Qf4 38. Qxf4 Bxf4 39. gxf7+ Kf8 40. Rh8+ Kg7 41. Re8 $1 Kxf7 42.
Rxa8 Rxa8 43. Rf2 $18) 37. Rh6 Kf8 38. Rxg6 Qh8 39. Rh6 Qg7 40. Qf2+ (40. g5
$16) 40... Ke8 41. Bg6+ Kd7 42. Qf5+ Kc7 43. Rh7 Qf6 44. g5 $16) 36... Qxh7 $1
{[%mdl 1024] Forced, but also very good sacrifice. Black king becomes safe and
white should start to wory.} (36... Qf8 37. Qf2 Ra1 38. Qf5 $18) 37. Bxh7+ Kxh7
38. Qf2 Kg7 39. Qxb6 $2 (39. Qf5 $5 Rh8 $1 (39... Ra2 40. Rf2 Rxf2+ 41. Qxf2
$16) 40. Rf2 Rh2+ 41. Kg1 Ra1+ 42. Rf1 Rxf1+ 43. Kxf1 Rb2 $16) 39... Ra1 40.
Re2 (40. Rf2 Rh8 41. Re2 Rh2+ 42. Kf3 Rh3+ 43. Ke4 Rf1 44. Re3 Rh2 $13) 40...
Rb1 $1 (40... Rh8 41. Rxe5 $1 dxe5 42. Qc7 Ra2+ 43. Kg3 Rah2 44. Qxe5+ Kf8 45.
Kf4 R8h3 46. Qb8+ Kg7 47. b4 $16) 41. g6 $5 (41. Kf3 Ra3 42. Re3 Ra2 $132)
41... Ra3 (41... Kxg6 $2 42. Rxe5 $18) (41... fxg6 42. Qb7 Rf8 43. c5 $18) 42.
gxf7 (42. Qd8 Rbxb3 43. Qxe7 Rg3+ 44. Kf1 Kxg6 45. c5 Rgf3+ 46. Rf2 Rxf2+ 47.
Kxf2 Bd4+ 48. Kg2 Bxc5 $11) (42. Re3 $2 Ra2+ 43. Kf3 Rf1+ 44. Ke4 Rd2 45. Rf3
Re1+ 46. Kf5 Bh2 47. g5 Re5+ 48. Kg4 Kxg6 $19) 42... Rbxb3 43. f8=Q+ Kxf8 44.
Qd8+ Kf7 (44... Kg7 45. Qxe7+ Kg6 46. Qe6+ Kg7 $16) 45. Rf2+ Bf6 46. Qh8 (46.
Qc8 Rg3+ 47. Kh1 Kg7 48. Rg2 Ra1+ 49. Kh2 Re3 50. Rd2 Bc3 $11) 46... Rg3+ 47.
Kh2 Rxg4 48. c5 $6 {White was unable to admit, that he lost his chances to
play for win.} (48. Qh5+ Rg6 49. Qh7+ (49. Rg2 Be5+ 50. Kg1 Ra1+ 51. Kf2 Ra2+
$19) 49... Rg7 50. Qh5+ Kg8 (50... Kf8 51. Qh8+ Kf7 $11 (51... Rg8 $2 52. Rxf6+
$18)) 51. Qe8+ Kh7 52. Qh5+ $11) 48... Raa4 $1 (48... dxc5 $2 49. Qh5+ Rg6 50.
Rg2 $18) 49. Qc8 $6 (49. Qh5+ Kg7 (49... Kf8 50. Qh8+) 50. Rg2 Rxg2+ 51. Kxg2
dxc5 52. Qf5 $11) 49... Rg6 $1 (49... dxc5 50. Qe6+ Kg7 51. Rg2 $11) 50. Rf3 $2
{The final mistake leading to a lost position due to the weakness of white
king.} (50. Qh8 $8 dxc5 51. Qh7+ Rg7 52. Qh5+ $11) 50... Kg7 $1 51. Qf5 Be5+
52. Kh1 (52. Kh3 Rh6+ 53. Kg2 Ra2+ 54. Kg1 (54. Rf2 Rh2+ $19) 54... Bd4+ $19)
52... Rh4+ 53. Rh3 Rhg4 (53... Rxh3+ 54. Qxh3 dxc5 (54... Rh6 $4 55. Qxh6+ Kxh6
56. c6 $18) 55. Qc8 $15) 54. Qf2 Bd4 $138 (54... Bd4 55. Qe2 Rg1+ 56. Kh2 Be5+
$19) 0-1

[Event "FIDE-Wch k.o."]
[Site "New Delhi/Teheran"]
[Date "2000.12.03"]
[Round "3.1"]
[White "Grischuk, Alexander"]
[Black "Serper, Grigory"]
[Result "1-0"]
[WhiteElo "2606"]
[BlackElo "2574"]
[Annotator "Ftacnik,L"]
[PlyCount "85"]
[EventDate "2000.11.27"]
[EventType "k.o."]
[EventRounds "7"]
[EventCountry "IND"]
[SourceTitle "CBM 080"]
[Source "ChessBase"]
[SourceDate "2001.01.25"]
[SourceVersion "1"]
[SourceVersionDate "2001.01.25"]
[SourceQuality "1"]

1. e4 c5 2. Nf3 Nc6 3. d4 cxd4 4. Nxd4 g6 5. c4 Bg7 6. Be3 Nf6 7. Nc3 O-O 8.
Be2 d6 9. O-O Bd7 10. Qd2 Nxd4 11. Bxd4 Bc6 12. Bd3 a5 13. Rae1 Nd7 14. Bxg7
Kxg7 15. Re3 Qb6 16. Rh3 h5 $2 {[%mdl 128] Black underestimated the danger
after the rook sacrifice, after it's acceptance his position will become
hopeless.} (16... Nf6 $1) 17. Rxh5 $1 gxh5 (17... Rh8 18. Rxh8 (18. Nd5 Qd4 19.
Rxh8 Rxh8 20. Nxe7 Bxe4 21. Rd1 Bxd3 22. Qxd3 Qxd3 23. Rxd3 Ne5 24. Rxd6 Re8
$14) 18... Rxh8 19. Rd1 $16) 18. Qg5+ Kh8 (18... Kh7 $2 19. e5+ $18) 19. Qxh5+
Kg7 20. Qg5+ Kh8 21. Re1 Ne5 (21... f6 22. Qh6+ Kg8 23. Qg6+ Kh8 24. Nd5 Qxb2
25. Nxe7 $18) 22. Re3 Qxe3 (22... Ng6 23. Rh3+ Kg7 (23... Kg8 24. e5 Bd7 25.
Bxg6 Bxh3 26. Bf5+ $18) 24. Qh6+ Kf6 25. Rf3+ Ke6 (25... Ke5 26. Qg5+ f5 27.
exf5 $18) 26. Qh3+ f5 27. exf5+ Kd7 28. fxg6+ Kc7 29. Qe6 Bxf3 (29... Rfe8 30.
Rf7 Qxb2 31. Rxe7+ Rxe7 32. Qxe7+ $18) 30. Qxe7+ Kc6 31. gxf3 Qd8 32. Be4+ Kc5
33. Qxb7 $18) (22... Bd7 23. Qh6+ Kg8 24. Nd5 Qd8 25. Rg3+ Ng6 (25... Bg4 26.
f4 $18) 26. e5 $18) 23. Qxe3 Nxd3 (23... f6 24. Be2 $18) 24. Qxd3 Rg8 (24...
Rfd8 25. Nd5 e6 26. Qc3+ $16) 25. Nd5 Bxd5 (25... Rae8 26. Qc3+ Kh7 27. Nc7 Rb8
28. Qxa5 Bxe4 29. Qh5+ Kg7 30. Qh4 $18) 26. Qxd5 Kg7 (26... e6 27. Qxb7 $18)
27. Qxb7 Rgb8 28. Qd5 (28. Qxe7 Rxb2 29. g4 Rxa2 30. Qxd6 a4 31. c5 $18) 28...
a4 29. h4 $1 f6 30. h5 Ra7 31. Qf5 $1 {White has a dangerous attack on top of
the three spare pawns.} (31. Qd2 Rab7 32. Qc2 Rxb2 33. Qxa4 Re2 $16) 31... Rab7
(31... Rxb2 32. Qg6+ Kf8 33. h6 $18) 32. Qg6+ Kh8 (32... Kf8 33. h6 $18) 33.
Qf7 (33. h6 Rg8 34. Qf7 Rxb2 35. Qxe7 $18) 33... Rxb2 (33... Rg8 34. h6 Rg5 35.
f4 Rg4 36. Qe6 Rg8 37. b3 $18) 34. Qxe7 Rxa2 35. Qxf6+ Kg8 (35... Kh7 36. c5 $1
$18) 36. h6 Rb7 37. c5 $1 Rc2 (37... dxc5 38. Qe6+ $18) 38. cxd6 a3 39. Qg6+
Kf8 (39... Kh8 40. d7 Rxd7 41. Qe8+ $18) 40. h7 Rxh7 41. Qxh7 a2 42. Qh8+ Kf7
43. d7 1-0

[Event "Qatar Masters op"]
[Site "Doha"]
[Date "2014.11.30"]
[Round "5"]
[White "Shankland, Samuel L"]
[Black "Guseinov, Gadir"]
[Result "1-0"]
[WhiteElo "2642"]
[BlackElo "2592"]
[Annotator "Ftacnik,L"]
[PlyCount "75"]
[EventDate "2014.11.26"]
[EventType "swiss"]
[EventRounds "9"]
[EventCountry "QAT"]
[SourceTitle "CBM 164"]
[Source "ChessBase"]
[SourceDate "2015.01.15"]
[SourceVersion "1"]
[SourceVersionDate "2015.01.15"]
[SourceQuality "1"]

1. e4 c5 2. Nf3 Nc6 3. d4 cxd4 4. Nxd4 g6 5. c4 Bg7 6. Be3 Nf6 7. Nc3 O-O 8.
Be2 d6 9. O-O Bd7 10. Nc2 {Shankland's chess star is still rising and part of
his success is connected with intensive work on chess openings. The main line
with 10.Qd2 offers very little so it makes sense to try something less
intensively analysed.} (10. Qd2 Nxd4 11. Bxd4 Bc6) 10... Qa5 {Black players
are still looking for best way to cope with the retreat of the white knight.
Black has less space at his disposal and thus his freedom of movement is
somewhat limited.} (10... Rc8 11. f3 (11. Rc1 Be6 12. Qd2 Nd7 13. Rfd1 Nc5 14.
b4 Nd7 15. Nd5 Nce5 16. Nd4 Bxd5 17. cxd5 Nb6 18. Rxc8 Qxc8 19. Rc1 Qb8 20. Nb5
$14 {1-0 (41) Timofeev,A (2655)-Mamedov,R (2639) Rijeka 2010}) 11... a6 (11...
Na5 12. Na3 Be6 13. Nd5 b6 (13... Nd7 14. Qd2 Re8 15. Rac1 b6 16. b3 Nb7 17.
Nb5 Bxd5 18. cxd5 e5 19. Nxa7 Rxc1 20. Rxc1 Nbc5 21. b4 Nb7 22. Bb5 {1-0 (22)
Kortschnoj,V (2610)-Gendre,K Bordeaux 1989}) 14. Qd2 Qd7 15. Rac1 Qb7 16. b3
Nc6 17. Nb5 Rfd8 (17... Nd7 18. b4 a6 19. Nbc3 Bxd5 20. exd5 Nce5 21. Ne4 $14)
18. Kh1 Bd7 19. Bg5 Nxd5 20. exd5 Ne5 21. Bxe7 Bxb5 22. Bxd8 $18 {1-0 (28)
Morozevich,A (2734)-Gretarsson,H (2505) Rhodes 2013}) (11... Be6 12. Qd2 Nd7
13. Rac1 (13. Rab1) 13... Qa5 14. b4 Nxb4 (14... Qd8 15. Nd5 $16) 15. Nd5 Bxd5
16. exd5 Nxc2 $8 17. Qxa5 Nxe3 18. Rfe1 Nc5 19. Kh1 Bh6 (19... e5 20. dxe6 fxe6
$13) 20. g3 {/\f4} e5 21. dxe6 fxe6 22. f4 $18 {1-0 (40) Miles,A (2595)-Piket,
J (2625) Groningen 1992}) 12. Qd2 (12. a4 Be6 13. Nd5 Nd7 14. Rb1 a5 15. b4
axb4 16. Ncxb4 Na5 17. Bd4 Bxd4+ 18. Qxd4 Nc6 19. Qe3 Ra8 20. Nd3 Rxa4 21. Rxb7
Ra3 22. Qd2 Bxd5 23. cxd5 Nd4 24. Rfb1 {1/2 (24) Short,N (2680)-Petursson,M 
(2565) Tilburg 1992}) 12... Ne5 (12... Re8 13. Rac1 Qa5 14. Na3 Be6 15. Nab1
Ne5 16. b3 Rb8 17. a3 Rec8 18. b4 Qd8 19. Nd5 b6 20. Rfd1 $11 {1/2 (29) Gulko,
B (2643)-Nielsen,P (2578) Esbjerg 2000}) 13. Na3 Re8 14. Rab1 Qc7 15. Rfc1 Qa5
16. Rc2 {1/2 (16) Bacrot,E (2695)-Gharamian,T (2672) Belfort 2012}) (10... Be6
11. f3 Nd7 12. Qd2 Qa5 13. Rab1 Bxc3 14. bxc3 Nde5 15. Bh6 Nxc4 16. Qd1 Rfc8
17. Nd4 Nd8 18. Nxe6 fxe6 19. Kh1 Qh5 20. Bc1 Qc5 21. f4 Ne3 22. Bxe3 Qxe3 $11
{0-1 (30) Svetushkin,D (2614)-Iturrizaga Bonelli,E (2661) Linares 2013}) 11. f4
{The most active approach throws caution to the winds as White will have to be
on the alert in order to defend his exposed pawns.} (11. f3 Rfc8 (11... Be6 12.
Nd5 Rfc8 13. b4 Qd8 14. Rc1 Ne5 15. Nd4 Bxd5 16. exd5 a5 17. a3 axb4 18. axb4
Ra2 19. Re1 Qd7 20. Nb5 Rb2 21. Bd2 $14 {1-0 (40) Hracek,Z (2633)-Hernandez
Guerrero,G (2540) Khanty-Mansiysk 2010}) 12. Qd2 (12. Na3 Ng4 13. fxg4 Bxc3 14.
c5 Bg7 15. Nc4 Qd8 16. cxd6 Be6 17. a4 Ne5 18. Nxe5 Bxe5 19. dxe7 Qxe7 20. Rb1
Ba2 21. Ra1 Be6 22. Rb1 Ba2 23. Ra1 Be6 {1/2 (23) Kharitonov,A (2550)-Yudasin,
L (2505) Simferopol 1988}) 12... Ne5 (12... Be8 13. Rac1 a6 14. Rfd1 Rab8 15.
Nd4 Nd7 16. Nb3 Qd8 17. Nd5 {[+] Lutz-Vokac, Dortmund 1991}) 13. b4 (13. c5 Ne8
14. Rfd1 Be6 15. Nd4 Nc4 16. Bxc4 Bxc4 17. cxd6 Nxd6 18. Rac1 f5 19. b3 Bf7 20.
exf5 Nxf5 21. Nxf5 gxf5 22. Ne2 Qxd2 23. Rxc8+ Rxc8 24. Rxd2 a6 $11 {0-1 (34)
Anand,V (2781)-Ljubojevic,L (2571) Monte Carlo 1999}) 13... Qd8 14. Na3 h5 15.
Rac1 Kh7 16. h3 Be6 17. Nd5 Ned7 18. Nb5 a5 19. a3 axb4 20. axb4 $14 {1/2 (54)
Malakhov,V (2732)-Bu,X (2676) Ningbo 2010}) (11. Kh1 Be6 (11... Rfc8 12. f4
Rab8 13. Rb1 a6 14. b4 Qd8 15. a4 b5 16. axb5 axb5 17. cxb5 Nxb4 18. Rxb4 Rxc3
19. Bd4 Rcc8 20. Ne3 Qa5 {1/2 (33) Hracek,Z (2613)-Kanovsky,D (2431) Slovakia
2009} 21. Qb3 $16) 12. f4 Rac8 13. Rb1 Nb4 14. Na3 a6 15. Qd2 b5 16. cxb5 Nxa2
17. Nd5 Qxd2 18. Nxe7+ Kh8 19. Bxd2 Nxe4 20. Ba5 Rce8 $11 {1-0 (51) Ivanchuk,V
(2787)-Savchenko,B (2583) Moscow 2007}) (11. Rc1 Rac8 12. f3 Ne5 13. Na3 Rfd8
14. Qb3 b6 15. Nab5 Qa6 16. Nd5 Kf8 17. Rfd1 Nc6 18. Bg5 Nxd5 19. exd5 Ne5 20.
Re1 h6 21. Be3 $11 {1/2 (59) Huschenbeth,N (2450)-Sjugirov,S (2626) Moscow 2011
}) 11... Rac8 (11... Rfc8 12. c5 Nb4 13. Nd4 Ne8 14. f5 dxc5 15. Nb3 Qd8 16.
Nxc5 Nd6 17. f6 Bxf6 18. Rxf6 exf6 19. a3 Bc6 20. axb4 b6 21. b5 Nxb5 22. Nxb5
bxc5 23. Qxd8+ Rxd8 24. Nc3 Rab8 25. Ra2 Re8 26. Bxc5 Bxe4 27. b4 $16 {1-0 (27)
Gonzalez Vidal,Y (2560)-Barros Rivadeneira,C (2346) Merida 2014}) (11... a6 12.
c5 Qc7 13. cxd6 exd6 14. Rc1 Rfe8 15. Bf3 Rad8 16. Qd2 b5 17. Bf2 Qb8 18. Rfe1
Bc8 19. Bh4 Be6 20. Ne3 Rc8 21. b3 b4 22. Na4 Na7 23. Rcd1 Bd7 24. e5 $16 {
1-0 (24) Kurajica,B (2555)-Strikovic,A (2536) Las Palmas 2009}) 12. Rc1 (12.
Rb1 a6 13. b4 Qd8 (13... Qc7 14. Nd5 Nxd5 15. exd5 $16) 14. Qd3 Bg4 15. Kh1
Bxe2 16. Qxe2 e6 17. c5 $1 d5 (17... dxc5 18. Bxc5 Re8 19. Rbd1 Qc7 20. e5 $16)
18. Rfd1 Re8 19. a4 Qe7 20. b5 axb5 21. e5 Nd7 22. Nxb5 $1 (22. axb5 Na5 {x c5}
) 22... Rb8 (22... Nxc5 $2 23. Bxc5 Qxc5 24. Nd6 $18) 23. Nd6 Rf8 24. Nd4 (24.
Nxb7 Ndxe5 25. Qa6 $16) 24... f6 25. Nxb7 Nxd4 26. Bxd4 fxe5 27. fxe5 $16 {
1-0 (40) Short,N (2635)-Andersson,U (2630) Wijk aan Zee 1990/}) 12... Be6 {
[%mdl 4] Guseinov finds it hard to find proper counterplay against the c4- and
e4-pawns of White. It is quite possible that the game will contribute to the
rise in popularity of the 10.Nc2 move.} (12... h5 13. h3 Be6 14. a3 Nd7 15. b4
Qd8 16. Qd2 f5 $14) 13. a3 Nb8 (13... Rfe8 14. h3 Qa6 15. b3 Ng4 16. hxg4 Bxc3
$11) 14. Nd5 Rfe8 (14... Nxd5 15. exd5 Bf5 16. Nd4 $14) 15. Qd3 (15. Nd4 Bxd5 (
15... Nxe4 16. Nxe6 fxe6 17. Bg4 exd5 18. Bxc8 Rxc8 19. b4 $18) 16. exd5 a6 17.
Qd3 $14) 15... Nbd7 16. b4 Qa6 $2 {Black is missing the great chance to stay
afloat in the position, that seems easier to play for White with 16...Qa4! The
strongest piece will not feel comfortable on the a6-square at all.} (16... Qa4
$1 17. Bd4 (17. Nd4 Bg4 $11) 17... b5 18. Nce3 bxc4 19. Rxc4 Rxc4 20. Qxc4 Bxd5
21. exd5 Nb6 22. Qd3 Qd7 $11) 17. Nd4 Bxd5 (17... b6 18. Nxf6+ exf6 (18... Nxf6
19. Nxe6 fxe6 20. e5 $16) 19. Nxe6 fxe6 20. Qxd6 $16) (17... Bg4 18. Bxg4 Nxg4
19. Nb5 $16) 18. exd5 b6 (18... Qa4 19. Bf2 $16) 19. Bf3 Qb7 20. Rfe1 Nb8 21.
Bf2 Qd7 22. h3 e5 $2 {The make or break strategy of opening the centre will
fail due to White's better control of the centre and the painful absence of
the light-squared bishop.} (22... Bh6 23. Qd2 Qc7 24. Be3 $16) 23. dxe6 fxe6
24. Nb5 $1 d5 {For better or worse Guseinov feels compelled to try fighting
White's domination on the light squares.} (24... Bf8 25. Bh4 Qg7 26. Qc3 $18)
25. cxd5 Rxc1 (25... exd5 26. Rxe8+ Rxe8 (26... Qxe8 27. Bxd5+ Kh8 28. Bc4 $18)
27. Rc7 $18) 26. Rxc1 Nxd5 27. Bxd5 $1 Qxd5 (27... exd5 28. Rc7 Qe6 29. Rxa7
Rd8 30. Rb7 $18) 28. Qxd5 exd5 29. Nxa7 {The passive knight on b8 and the
vulnerability of the b6-pawn are condemning the defender to honourable failure.
} Bb2 30. Rb1 Re2 (30... Bxa3 31. Nb5 $18) 31. Nb5 Nc6 (31... d4 32. Bxd4 Bxd4+
33. Nxd4 Ra2 34. Rc1 Nd7 35. Rc7 Nf6 36. Ne6 $16) 32. Bxb6 Kf7 33. Rd1 Ne7 (
33... d4 34. Kf1 Rc2 35. Bxd4 Nxd4 36. Nxd4 Bxd4 37. Rxd4 $18) 34. a4 $1 {
The black counterplay has run into the sand so Shankland is beginning with the
sprint of his a-pawn.} Nc6 35. Bc5 d4 36. a5 Bc3 37. Nxc3 (37. a6 Ra2 38. Nd6+
Ke6 39. b5 $18) 37... dxc3 38. Rc1 {Black was so upset that he decided to save
himself the pain of exploring which of the winning lines White would chose to
bring home the point.} (38. Rc1 Rb2 39. a6 c2 40. a7 (40. Kf2 Ke6 41. Ke3 $18)
40... Rb1 41. a8=Q Rxc1+ 42. Kf2 Rf1+ 43. Kg3 c1=Q 44. Qf8+ Ke6 45. Qd6+ Kf7
46. Qd7+ Kf6 47. Qxc6+ $18) 1-0

[Event "Interzonal-15"]
[Site "Manila"]
[Date "1990.??.??"]
[Round "12"]
[White "Shirov, Alexei"]
[Black "Damljanovic, Branko"]
[Result "1/2-1/2"]
[WhiteElo "2580"]
[BlackElo "2515"]
[Annotator "Ftacnik,L"]
[PlyCount "82"]
[EventDate "1990.06.29"]
[EventType "swiss"]
[EventRounds "13"]
[EventCountry "PHI"]
[SourceTitle "CBM 019"]
[Source "ChessBase"]
[SourceDate "1990.12.01"]
[SourceVersion "1"]
[SourceVersionDate "1990.12.01"]
[SourceQuality "1"]

1. d4 Nf6 2. c4 g6 3. Nc3 Bg7 4. e4 d6 5. Be2 O-O 6. Nf3 c5 7. O-O cxd4 8. Nxd4
Nc6 9. Be3 Bd7 10. Rc1 Nxd4 11. Bxd4 Bc6 12. f3 a5 $6 (12... Nd7 $142 13. Be3
$1 $14) 13. c5 $6 (13. b3 Nd7 14. Bxg7 $6 (14. Be3 $14) 14... Kxg7 15. Qd4+ f6
16. Kh1 Qb6 $10) 13... e5 (13... Bh6 14. cxd6 $5 (14. Rc2 e5 $10) 14... Bxc1
15. dxe7 Qxe7 16. Qxc1 $44) 14. Bf2 (14. Be3 d5 15. exd5 Bxd5 $1 (15... Nxd5
16. Nxd5 Bxd5 17. Bc4 Bxc4 18. Qxd8 Rfxd8 19. Rxc4 Rd3 20. Kf2 $14) 16. Qe1 $1
(16. Nxd5 Nxd5 17. Bd2 Nb4 $10) (16. Bg5 Bc6 17. Qxd8 Rfxd8 18. Ne4 Nxe4 $1 19.
Bxd8 Nd2 $10) 16... Bc6 17. Rd1 Qe7 18. Qh4 Nd5 $10) 14... Bh6 $1 15. Rc2 d5
$10 16. Bh4 $1 d4 17. Nb5 Be3+ 18. Kh1 g5 19. Bf2 Bxf2 20. Rxf2 Ne8 $1 21. a4
Qe7 22. Bc4 Kh8 23. Qd2 (23. Bd5 Rd8 24. Bxc6 bxc6 25. Na3 Nc7 26. Qd2 Ne6 $1
27. Qxa5 d3 28. Rcd2 (28. Rc1 Nxc5) 28... Qxc5 29. Qxc5 Nxc5 $17) (23. Bb3 $5)
23... Qxc5 $1 24. Qxg5 (24. Bxf7 Qe7 25. Bb3 g4 $15) 24... f6 25. Qh6 Qe7 26.
f4 $1 Ng7 (26... Bxe4 $2 27. Rce2 f5 28. fxe5 Ng7 $8 29. Nd6 $16) 27. Bd5 $1
Rad8 $1 28. Bxc6 d3 29. Rcd2 bxc6 30. Nc3 exf4 31. Qxf4 Ne6 32. Qg3 $2 (32. Qe3
$8 Qc5 $15 (32... Nc5 $2 33. Rf5 $10)) 32... Nc5 33. Qe3 f5 $19 34. e5 $138 f4
35. Qf3 Qxe5 36. Rf1 Qe3 37. Qh5 Qxd2 $4 $138 (37... Rde8 $19) 38. Qe5+ Kg8 39.
Qg5+ Kh8 40. Qe5+ Kg8 41. Qg5+ Kh8 (41... Kf7 42. Qf5+ (42. Rxf4+ $2 Ke6 $19)
42... Ke8 43. Qxc5 $13) 1/2-1/2